Курс экономгеографии для высш. цикла (Вуз). [Задание № 4]: Учебно-вспомогательный материал к заданию № 4. Место агроиндустриальных комбинатов в социалистическом земледелии (Запись № 13585982)
[ простой вид ]
| 000 -МАРКЕР | |
|---|---|
| контрольное поле | 01471nam2a2200253 4500 |
| 001 - ИДЕНТИФИКАТОР ЗАПИСИ | |
| контрольное поле | rc\2884286 |
| 005 - ИДЕНТИФИКАТОР ВЕРСИИ | |
| контрольное поле | 20260315052504.0 |
| 035 ## - ДРУГИЕ СИСТЕМНЫЕ НОМЕРА | |
| Идентификатор записи | (NLR Aleph) 007036969 |
| 100 ## - ДАННЫЕ ОБЩЕЙ ОБРАБОТКИ | |
| Данные общей обработки | 20260315 rusy50 |
| 101 0# - ЯЗЫК РЕСУРСА | |
| Язык текста, звукозаписи и т.д. | русский |
| 102 ## - СТРАНА ПУБЛИКАЦИИ ИЛИ ПРОИЗВОДСТВА | |
| Страна публикации | Российская Федерация |
| 105 ## - ПОЛЕ КОДИРОВАННЫХ ДАННЫХ: ТЕКСТОВЫЕ МАТЕРИАЛЫ, МОНОГРАФИЧЕСКИЕ | |
| Кодированные данные о монографическом текстовом документе | y j ||||| |
| 200 1# - ЗАГЛАВИЕ И СВЕДЕНИЯ ОБ ОТВЕТСТВЕННОСТИ | |
| Основное заглавие | Учебно-вспомогательный материал к заданию № 4. Место агроиндустриальных комбинатов в социалистическом земледелии |
| Сведения, относящиеся к заглавию | [Из ст. Я. Никулихина] |
| 210 ## - ПУБЛИКАЦИЯ, РАСПРОСТРАНЕНИЕ И ДР. | |
| Дата издания, распространения и т.д. | Б. г. |
| 215 ## - ФИЗИЧЕСКАЯ ХАРАКТЕРИСТИКА | |
| Специфическое обозначение материала и объем | 6 с. |
| 300 ## - ОБЩИЕ ПРИМЕЧАНИЯ | |
| Текст примечания | Без тит. л. и обл. |
| 461 #0 - УРОВЕНЬ НАБОРА | |
| Встроенное поле | 001rc\2884285 |
| -- | 2001#$aКурс экономгеографии для высш. цикла (Вуз)$fМоск. ин-т нар. хоз-ва им. Г.В. Плеханова. Сектор заоч. обуч.$v[Задание № 4] |
| Системный номер (АБИС) связанной записи | 6059406 |
| Автор | Московский институт народного хозяйства им. Г.В. Плеханова. Сектор заочного обучения |
| Место публикации | [Москва] |
| Дата публикации | Б. г. |
| Первые сведения об ответственности | Моск. ин-т нар. хоз-ва им. Г.В. Плеханова. Сектор заоч. обуч. |
| Имя издателя, распространителя и т.д. | Б. и. |
| Заглавие | Курс экономгеографии для высш. цикла (Вуз) |
| Номер тома | [Задание № 4] |
| 702 #1 - ИМЯ ЛИЦА - ВТОРИЧНАЯ ОТВЕТСТВЕННОСТЬ | |
| Начальный элемент ввода | Никулихин |
| Часть имени, кроме начального элемента ввода | Я. |
| Код отношения | Прочие |
| 801 #0 - ИСТОЧНИК ЗАПИСИ | |
| Страна | Российская Федерация |
| Организация | NLR |
| Правила каталогизации | psbo |
| 801 #1 - ИСТОЧНИК ЗАПИСИ | |
| Страна | Российская Федерация |
| Организация | ELAR |
| Источник данных | rusmarc |
| 852 ## - МЕСТОНАХОЖДЕНИЕ И ШИФР ХРАНЕНИЯ | |
| Идентификатор организации | NLR |
| Шифр хранения (Call Number) | 32-19/331(4) |
| 942 ## - ДОПОЛНИТЕЛЬНЫЕ ЭЛЕМЕНТЫ ЗАПИСИ (АБИС) | |
| Тип экземпляра АБИС | Неопределено |
| 980 ## - КОЛЛЕКЦИЯ | |
| Название коллекции | Национальная библиография |
Нет доступных экземпляров.